00687 2200241 4500001002100000005001500021035002000036007000300056008004100059020002200100082001400122084002000136100002700156245009900183260003000282300003500312650002100347504002900368990001200397990001200409990001200421990001200433INLIS00000000000538520200221031636 a0010-0220000103ta200221 g 0 ind  a978-602-7960-12-1 a001.642 5 a001.642 5 WIL p0 aWILHELMUS, Hary Susilo1 aPrinsip-prinsip Biostatistika dan Aplikasi SPSS pada Ilmu Keperawatan /cWilhelmus Hary Susilo a[s.l] :bIn Media,c[s.a] avi, 84 hlm. :bilus. ;c21 cm. 4aPROGRAM KOMPUTER aBibliografi : hlm. 83-84 a17068 A a17068 B a17068 C a17068 D